[Event "Konyaalti Open-A 2019"]
[Site "Konyaalti"]
[Date "2019.11.19"]
[Round "5.10"]
[White "Solozhenkina, Elizaveta"]
[Black "Garayev, Kanan"]
[Result "1/2-1/2"]
[WhiteElo "2314"]
[BlackElo "2338"]
[Annotator "TA"]
[PlyCount "92"]
[EventDate "2019.11.20"]
[EventType "swiss"]
[EventCountry "TUR"]
[SourceTitle "playchess.com"]
[Source "ChessBase"]
[SourceQuality "1"]

{[%evp 11,92,0,-7,3,14,0,22,4,10,-5,23,27,22,12,11,7,18,18,10,6,14,0,4,0,0,0,0,0,0,0,0,0,0,0,0,0,0,0,0,0,0,0,0,0,5,0,0,0,0,0,0,0,0,0,0,0,0,0,0,0,0,0,0,0,0,0,0,0,0,0,0,0,0,0,0,0,0,0,0,0,0,0,0]} 1. Nf3 Nf6 2. g3 g6 3. d4 Bg7 4. Bg2 d5 5. O-O O-O 6. c3 c6 7. Re1 {D02: 1 d4 d5 2 Nf3 sidelines, including 2...Nf6 3 g3 and 2...Nf6 3 Bf4} (7. Nbd2 Bf5 8. Nh4 Bg4 9. h3 Bc8 10. Kh2 Re8 11. e4 dxe4 12. Nxe4 Nxe4 13. Bxe4 Nd7 14. Bg2 e5 15. dxe5 Nxe5 16. Qxd8 Rxd8 {½-½ (70) Kramnik,V (2753)-Radjabov,T (2759) Moscow 2019}) 7... Bf5 8. Nbd2 Re8 9. Qb3 Qb6 10. Ne5 $146 ({Predecessor:} 10. Qxb6 axb6 11. h3 h5 12. a3 Nbd7 13. Nh4 Bc2 14. e4 dxe4 15. Nxe4 Bxe4 16. Bxe4 Nxe4 17. Rxe4 {0-1 (37) Torgaev,D-Sviridov,M Dagomys 2009}) 10... Nfd7 11. Nxd7 Nxd7 12. e4 {The position is equal.} dxe4 13. Nxe4 Be6 14. Qc2 Bd5 15. Be3 Rad8 16. b3 Nf6 17. Nxf6+ Bxf6 18. Rad1 Qa5 19. c4 (19. h4 {seems wilder.} Bxg2 20. Kxg2 Rd7 21. Re2 Red8 22. Red2) 19... Bxg2 20. Kxg2 Bxd4 21. Bxd4 Rxd4 22. Rxe7 Rxe7 23. Rxd4 $11 {[%mdl 4096] Endgame KQR-KQR} Qe5 24. Qd2 Kg7 25. h4 b6 26. Rd7 Qe4+ 27. Kh2 h5 (27... Rxd7 {with more complications.} 28. Qxd7 Qc2 29. Qd4+ Kf8 30. Qd8+ Kg7) 28. Rxe7 Qxe7 {KQ-KQ} 29. Kg2 Qe4+ 30. Kg1 c5 31. Kh2 Qf5 32. Kg2 Qe4+ 33. Kh2 Qe6 34. Kg2 Qc6+ 35. Kg1 a6 36. Qf4 b5 37. Qe5+ Kh7 38. Qe7 Kg8 39. Qd8+ Kg7 40. Qe7 bxc4 41. bxc4 Qb6 42. Kh2 Qb4 43. Qe5+ Kh7 44. Qd5 Kg7 45. Qe5+ Kh7 46. Qd5 Kg7 {Accuracy: White = 72%, Black = 71%.} 1/2-1/2

[Event "Konyaalti Open-A 2019"]
[Site "Konyaalti"]
[Date "2019.11.21"]
[Round "6.1"]
[White "Shanava, Konstantine"]
[Black "Gokerkan, Cem Kaan"]
[Result "1/2-1/2"]
[WhiteElo "2491"]
[BlackElo "2452"]
[Annotator "ChessBase"]
[PlyCount "97"]
[EventDate "2019.11.20"]
[EventType "swiss"]
[EventCountry "TUR"]
[SourceTitle "playchess.com"]
[Source "ChessBase"]
[SourceQuality "1"]
[TimeControl "5400+30"]

1. e4 {[%emt 0:03:30]} c5 {[%emt 0:06:30]} 2. Nc3 {[%emt 0:00:30]} Nc6 {[%emt 0:00:30]} 3. g3 {[%emt 0:00:30]} g6 {[%emt 0:00:00]} 4. Bg2 {[%emt 0:00:30]} Bg7 {[%emt 0:00:00]} 5. d3 {[%emt 0:00:00]} Rb8 {[%emt 0:00:00]} 6. f4 {[%emt 0:01:00]} b5 {[%emt 0:04:00]} 7. Nf3 {[%emt 0:01:30]} b4 {[%emt 0:05:30]} 8. Nd5 {[%emt 0:05:30]} e6 {[%emt 0:06:30]} 9. Ne3 {[%emt 0:05:30]} Nge7 {[%emt 0:01:30]} 10. O-O {[%emt 0:07:30]} O-O {[%emt 0:09:30]} 11. f5 {[%emt 0:06:30]} exf5 {[%emt 0:14:30]} 12. exf5 {[%emt 0:00:30]} d5 {[%emt 0:02:30]} 13. Nh4 {[%emt 0:02:30]} Bf6 {[%emt 0:00:30]} 14. Ng4 {[%emt 0:02:30]} Bxh4 {[%emt 0:03:30]} 15. fxg6 {[%emt 0:17:30]} f5 {[%emt 0:23:00]} 16. g7 {[%emt 0:05:30]} Rf6 {[%emt 0:03:27]} 17. gxh4 {[%emt 0:00:30]} Rg6 {[%emt 0:00:13]} 18. Bg5 {[%emt 0:04:30]} Kxg7 {[%emt 0:01:33]} 19. Ne3 {[%emt 0:00:30]} d4 {[%emt 0:05:16]} 20. Nc4 {[%emt 0:06:30]} Bb7 {[%emt 0:04:26]} 21. Rf2 {[%emt 0:00:30]} h6 {[%emt 0:03:22]} 22. Bf4 {[%emt 0:00:30]} Nd5 {[%emt 0:00:03]} 23. Bxb8 {[%emt 0:01:30]} Qxb8 {[%emt 0:00:36]} 24. Qf3 {[%emt 0:03:30]} Nce7 {[%emt 0:03:11]} 25. Kh1 {[%emt 0:00:30]} Bc6 {[%emt 0:00:18]} 26. Na5 {[%emt 0:00:00]} Ba8 {[%emt 0:00:25]} 27. Re1 {[%emt 0:00:00]} Kf8 {[%emt 0:01:20]} 28. Rxe7 {[%emt 0:15:30]} Kxe7 {[%emt 0:00:05]} 29. Qxf5 {[%emt 0:00:01]} Qg8 {[%emt 0:01:42]} 30. Re2+ {[%emt 0:01:44]} Kd8 {[%emt 0:00:01]} 31. Qf3 {[%emt 0:06:22]} Kc7 {[%emt 0:00:54]} 32. h3 {[%emt 0:01:25]} Rg3 {[%emt 0:00:11]} 33. Qe4 {[%emt 0:00:48]} Rxh3+ {[%emt 0:00:39]} 34. Kg1 {[%emt 0:00:29]} Rg3 {[%emt 0:00:31]} 35. Qe5+ {[%emt 0:00:24]} Kd7 {[%emt 0:00:44]} 36. Kh2 {[%emt 0:00:19]} Re3 {[%emt 0:00:31]} 37. Bh3+ {[%emt 0:01:19]} Rxh3+ {[%emt 0:00:00]} 38. Kxh3 {[%emt 0:00:34]} Ne3 {[%emt 0:00:02]} 39. Qf4 {[%emt 0:00:29]} Bg2+ {[%emt 0:01:23]} 40. Kh2 {[%emt 0:00:14]} Nf1+ {[%emt 0:00:10]} 41. Kg1 {[%emt 0:00:06]} Bh3+ {[%emt 0:00:06]} 42. Kf2 {[%emt 0:00:17]} Ne3 {[%emt 0:00:36]} 43. Rxe3 {[%emt 0:01:02]} Qg2+ {[%emt 0:00:01]} 44. Ke1 {[%emt 0:00:06]} dxe3 {[%emt 0:00:39]} 45. Qf7+ {[%emt 0:00:23]} Kd8 {[%emt 0:01:20]} 46. Qf8+ {[%emt 0:01:17]} Kd7 {[%emt 0:00:04]} 47. Qf7+ {[%emt 0:00:15]} Kd8 {[%emt 0:00:04]} 48. Qf8+ {[%emt 0:00:57]} Kd7 {[%emt 0:00:06]} 49. Qf7+ {[%emt 0:00:15]} 1/2-1/2

[Event "Konyaalti Open-A 2019"]
[Site "Konyaalti"]
[Date "2019.11.22"]
[Round "6.2"]
[White "Solozhenkin, Evgeniy"]
[Black "Ibrahimov, Rasul"]
[Result "1/2-1/2"]
[WhiteElo "2387"]
[BlackElo "2518"]
[Annotator "TA"]
[PlyCount "31"]
[EventDate "2019.11.20"]
[EventType "swiss"]
[EventCountry "TUR"]
[SourceTitle "playchess.com"]
[Source "ChessBase"]
[SourceQuality "1"]

{[%evp 14,16,2,6,24]} 1. e4 c5 2. c3 Nf6 3. e5 Nd5 4. d4 cxd4 5. cxd4 d6 6. Nf3 Nc6 7. Bc4 dxe5 8. dxe5 Nb6 {B22: Sicilian: 2 c3} {Predecessor:} 9. Qxd8+ $146 Nxd8 10. Bb3 g6 11. Nc3 Bg7 12. Bg5 Nc6 13. O-O Bg4 14. e6 Bxe6 15. Bxe6 fxe6 16. Rac1 {0-1 (40) Ghaem Maghami,E (2596)-Vachier Lagrave,M (2758) Berlin 2015} 1/2-1/2

[Event "Konyaalti Open-A 2019"]
[Site "Konyaalti"]
[Date "2019.11.22"]
[Round "6.3"]
[White "Lortkipanidze, Nodar"]
[Black "Haznedaroglu, Kivanc"]
[Result "1-0"]
[WhiteElo "2377"]
[BlackElo "2461"]
[Annotator "ChessBase"]
[PlyCount "99"]
[EventDate "2019.11.20"]
[EventType "swiss"]
[EventCountry "TUR"]
[SourceTitle "playchess.com"]
[Source "ChessBase"]
[SourceQuality "1"]
[TimeControl "5400+30"]

1. e4 {[%emt 0:00:30]} c5 {[%emt 0:03:30]} 2. Nf3 {[%emt 0:00:00]} e6 {[%emt 0:00:30]} 3. c3 {[%emt 0:00:00]} Nf6 {[%emt 0:00:30]} 4. e5 {[%emt 0:00:30]} Nd5 {[%emt 0:00:00]} 5. d4 {[%emt 0:00:00]} cxd4 {[%emt 0:00:00]} 6. cxd4 {[%emt 0:00:00]} d6 {[%emt 0:00:00]} 7. a3 {[%emt 0:00:00]} Bd7 {[%emt 0:00:00]} 8. Bd3 {[%emt 0:00:00]} Bc6 {[%emt 0:00:30]} 9. O-O {[%emt 0:00:30]} Nd7 {[%emt 0:00:00]} 10. b4 {[%emt 0:01:30]} a6 {[%emt 0:00:00]} 11. Nbd2 {[%emt 0:02:30]} dxe5 {[%emt 0:02:30]} 12. dxe5 {[%emt 0:00:30]} Be7 {[%emt 0:03:30]} 13. Re1 {[%emt 0:04:30]} Rc8 {[%emt 0:00:30]} 14. Ne4 {[%emt 0:00:30]} O-O {[%emt 0:05:30]} 15. Qd2 {[%emt 0:12:30]} N7b6 {[%emt 0:08:30]} 16. Nd4 {[%emt 0:04:30]} Ba4 {[%emt 0:08:30]} 17. Qe2 {[%emt 0:04:30]} Rxc1 {[%emt 0:08:30]} 18. Raxc1 {[%emt 0:00:30]} Nf4 {[%emt 0:00:30]} 19. Qe3 {[%emt 0:01:30]} Nbd5 {[%emt 0:00:30]} 20. Qf3 {[%emt 0:02:30]} Ng6 {[%emt 0:04:30]} 21. Nc5 {[%emt 0:10:30]} Bxc5 {[%emt 0:00:30]} 22. Rxc5 {[%emt 0:00:00]} Qg5 {[%emt 0:18:30]} 23. Bxg6 {[%emt 0:05:00]} hxg6 {[%emt 0:00:30]} 24. Qe4 {[%emt 0:03:30]} Rd8 {[%emt 0:02:30]} 25. Rec1 {[%emt 0:02:30]} Bd7 {[%emt 0:01:30]} 26. h4 {[%emt 0:00:30]} Qe7 {[%emt 0:00:00]} 27. g3 {[%emt 0:00:30]} Qe8 {[%emt 0:01:00]} 28. Kg2 {[%emt 0:06:30]} Ra8 {[%emt 0:02:30]} 29. Qc2 {[%emt 0:11:30]} Qb8 {[%emt 0:02:30]} 30. Rxd5 {[%emt 0:01:30]} exd5 {[%emt 0:00:30]} 31. Qc7 {[%emt 0:00:00]} Bc6 {[%emt 0:15:33]} 32. Qxb8+ {[%emt 0:07:18]} Rxb8 {[%emt 0:00:02]} 33. Nxc6 {[%emt 0:00:12]} bxc6 {[%emt 0:00:37]} 34. Rxc6 {[%emt 0:00:30]} a5 {[%emt 0:00:30]} 35. bxa5 {[%emt 0:00:39]} Rb5 {[%emt 0:00:07]} 36. Rc8+ {[%emt 0:00:36]} Kh7 {[%emt 0:00:30]} 37. Rc7 {[%emt 0:00:35]} d4 {[%emt 0:00:30]} 38. Rxf7 {[%emt 0:00:37]} Rxe5 {[%emt 0:00:30]} 39. a6 {[%emt 0:00:36]} Ra5 {[%emt 0:00:30]} 40. a7 {[%emt 0:00:37]} Rxa3 {[%emt 0:00:30]} 41. Rd7 {[%emt 0:00:45]} g5 {[%emt 0:00:30]} 42. hxg5 {[%emt 0:00:36]} Kg6 {[%emt 0:00:30]} 43. Kh3 {[%emt 0:00:40]} Kxg5 {[%emt 0:00:30]} 44. Rxg7+ {[%emt 0:00:41]} Kf5 {[%emt 0:00:30]} 45. Rd7 {[%emt 0:00:38]} Ke4 {[%emt 0:00:30]} 46. Kh4 {[%emt 0:01:01]} d3 {[%emt 0:01:51]} 47. g4 {[%emt 0:00:55]} Kf4 {[%emt 0:03:51]} 48. Rd4+ {[%emt 0:00:55]} Ke5 {[%emt 0:00:59]} 49. Rxd3 {[%emt 0:00:09]} Rxa7 {[%emt 0:00:13]} 50. Rf3 {[%emt 0:00:07]} 1-0

[Event "Konyaalti Open-A 2019"]
[Site "Konyaalti"]
[Date "2019.11.21"]
[Round "6.4"]
[White "Yurtseven, Melih"]
[Black "Moiseenko, Vadim"]
[Result "1/2-1/2"]
[WhiteElo "2388"]
[BlackElo "2532"]
[Annotator "TA"]
[PlyCount "56"]
[EventDate "2019.11.20"]
[EventType "swiss"]
[EventCountry "TUR"]
[SourceTitle "playchess.com"]
[Source "ChessBase"]
[SourceQuality "1"]

{[%evp 9,56,-10,14,28,52,56,47,33,34,28,79,45,44,38,43,35,38,59,57,51,75,66,85,66,113,60,58,52,91,46,50,41,47,24,89,26,125,114,120,95,108,44,62,28,30,35,41,49,45]} 1. d4 Nf6 2. c4 e6 3. Nc3 Bb4 4. g3 O-O 5. Bg2 Re8 (5... d5 6. Nf3 dxc4 7. a3 Bxc3+ 8. bxc3 c5 9. O-O Bd7 10. a4 Bc6 11. dxc5 Na6 12. Qd4 Qa5 13. Qxc4 Qxc5 14. Qh4 Qxc3 15. Rb1 Qa5 16. Bb2 Nd7 17. Ng5 {½-½ (82) Ponkratov,P (2651)-Predke,A (2632) Riga 2019}) 6. Nf3 {E20: Nimzo-Indian: 4 g3 and 4 f3} b6 $146 ({Predecessor:} 6... d5 7. Ne5 c6 8. O-O Na6 9. Qb3 Bf8 10. Rd1 Nc7 11. a4 a5 12. e4 dxe4 13. Nxe4 Nxe4 14. Bxe4 {1-0 (57) Martin Donamaria,J (1994)-Vigor Iriarte,U (1611) Navarra 2016}) 7. Ne5 c6 8. O-O Bb7 9. Qc2 Bf8 (9... d5 $11) 10. Rd1 d6 11. Nf3 $36 {[%mdl 2048] White has the initiative.} Nbd7 12. e4 e5 13. d5 Rc8 14. a4 cxd5 15. cxd5 Nc5 {Threatening ...Ncxe4!} 16. Nd2 Qd7 17. Bf1 (17. Nc4 $16) 17... Ba6 $1 $14 18. Bb5 Qh3 19. Re1 ({And not} 19. Bxe8 Bd3 $17) 19... Bxb5 20. axb5 Rc7 21. Ra3 (21. f3 {is more complex.} h5 22. Nf1 h4 23. Be3 Rec8 24. Red1) 21... Qc8 (21... g6 $11) 22. Nb3 (22. f3 $16) 22... a5 (22... Nxb3 $11 {remains equal.} 23. Qxb3 Qh3) 23. bxa6 $1 $16 Nxa6 24. Qe2 Nc5 25. Nxc5 (25. Nd2 $16) 25... bxc5 $14 26. Nb5 Rb7 {White should prevent ...Nxe4!} 27. Na7 Qc7 28. Nc6 Nd7 {Accuracy: White = 58%, Black = 43%.} 1/2-1/2

[Event "Konyaalti Open-A 2019"]
[Site "Konyaalti"]
[Date "2019.11.21"]
[Round "6.5"]
[White "Nigalidze, Gaioz"]
[Black "Gadimbayli, Abdulla"]
[Result "1/2-1/2"]
[WhiteElo "2472"]
[BlackElo "2447"]
[Annotator "ChessBase"]
[PlyCount "125"]
[EventDate "2019.11.20"]
[EventType "swiss"]
[EventCountry "TUR"]
[SourceTitle "playchess.com"]
[Source "ChessBase"]
[SourceQuality "1"]
[TimeControl "5400+30"]

1. d4 {[%emt 0:00:30]} d5 {[%emt 0:13:30]} 2. c4 {[%emt 0:00:00]} e5 {[%emt 0:00:30]} 3. dxe5 {[%emt 0:00:00]} d4 {[%emt 0:00:30]} 4. Nf3 {[%emt 0:00:30]} Nc6 {[%emt 0:00:00]} 5. a3 {[%emt 0:00:30]} Nge7 {[%emt 0:00:00]} 6. b4 {[%emt 0:10:30]} Ng6 {[%emt 0:00:30]} 7. Bb2 {[%emt 0:05:30]} a5 {[%emt 0:00:30]} 8. b5 {[%emt 0:00:30]} Ncxe5 {[%emt 0:00:30]} 9. Nxe5 {[%emt 0:01:30]} Nxe5 {[%emt 0:00:00]} 10. Qxd4 {[%emt 0:04:30]} Qxd4 {[%emt 0:00:00]} 11. Bxd4 {[%emt 0:00:30]} Nxc4 {[%emt 0:00:30]} 12. e3 {[%emt 0:00:00]} Be6 {[%emt 0:10:30]} 13. Be2 {[%emt 0:18:00]} a4 {[%emt 0:20:30]} 14. O-O {[%emt 0:15:30]} Na5 {[%emt 0:05:30]} 15. Nd2 {[%emt 0:01:30]} f6 {[%emt 0:00:30]} 16. Bh5+ {[%emt 0:12:30]} Kd7 {[%emt 0:03:30]} 17. Bf3 {[%emt 0:05:30]} Bd6 {[%emt 0:07:30]} 18. Ne4 {[%emt 0:01:50]} Bc4 {[%emt 0:08:30]} 19. Rfd1 {[%emt 0:04:16]} Nb3 {[%emt 0:09:36]} 20. Nxd6 {[%emt 0:00:55]} cxd6 {[%emt 0:00:24]} 21. Rab1 {[%emt 0:00:26]} Bxb5 {[%emt 0:00:22]} 22. Bxb7 {[%emt 0:00:49]} Be2 {[%emt 0:00:43]} 23. Bxa8 {[%emt 0:06:19]} Rxa8 {[%emt 0:00:09]} 24. Re1 {[%emt 0:00:32]} Bd3 {[%emt 0:01:51]} 25. Rb2 {[%emt 0:00:06]} Rc8 {[%emt 0:00:00]} 26. f3 {[%emt 0:01:14]} Ke6 {[%emt 0:00:30]} 27. Bb6 {[%emt 0:03:29]} Rc6 {[%emt 0:02:47]} 28. Ba7 {[%emt 0:00:07]} Rc3 {[%emt 0:03:06]} 29. e4 {[%emt 0:01:29]} Na5 {[%emt 0:02:04]} 30. Rd1 {[%emt 0:01:05]} Nb3 {[%emt 0:02:42]} 31. Bf2 {[%emt 0:01:14]} Bc2 {[%emt 0:00:14]} 32. Rd5 {[%emt 0:01:07]} Bxe4 {[%emt 0:00:13]} 33. Rd1 {[%emt 0:01:13]} Bd3 {[%emt 0:01:46]} 34. Re1+ {[%emt 0:01:09]} Kf7 {[%emt 0:02:45]} 35. Bg3 {[%emt 0:00:42]} d5 {[%emt 0:00:16]} 36. Bd6 {[%emt 0:00:48]} d4 {[%emt 0:00:34]} 37. Re7+ {[%emt 0:00:48]} Kg6 {[%emt 0:00:06]} 38. Bb4 {[%emt 0:00:11]} Rc1+ {[%emt 0:02:48]} 39. Kf2 {[%emt 0:00:06]} Bc2 {[%emt 0:01:46]} 40. Rc7 {[%emt 0:01:43]} d3 {[%emt 0:00:09]} 41. Ke3 {[%emt 0:00:19]} h5 {[%emt 0:00:58]} 42. h4 {[%emt 0:00:48]} Rh1 {[%emt 0:01:35]} 43. Rc4 {[%emt 0:00:39]} Rh2 {[%emt 0:00:28]} 44. Kf2 {[%emt 0:00:22]} Rh1 {[%emt 0:00:09]} 45. Kg3 {[%emt 0:00:38]} Rc1 {[%emt 0:00:52]} 46. Rc7 {[%emt 0:00:18]} Kh7 {[%emt 0:00:31]} 47. Rd7 {[%emt 0:00:43]} Kg6 {[%emt 0:00:31]} 48. Kf4 {[%emt 0:00:27]} Rh1 {[%emt 0:00:07]} 49. Kg3 {[%emt 0:00:33]} Rc1 {[%emt 0:00:40]} 50. Kf2 {[%emt 0:00:26]} Rh1 {[%emt 0:00:23]} 51. Bf8 {[%emt 0:00:30]} Rxh4 {[%emt 0:00:30]} 52. Rxg7+ {[%emt 0:00:23]} Kf5 {[%emt 0:00:01]} 53. Rd7 {[%emt 0:00:37]} Rc4 {[%emt 0:01:09]} 54. Bb4 {[%emt 0:00:33]} Rc6 {[%emt 0:00:41]} 55. Rd5+ {[%emt 0:00:25]} Kg6 {[%emt 0:00:14]} 56. Rd7 {[%emt 0:00:37]} Re6 {[%emt 0:00:37]} 57. Kg3 {[%emt 0:00:25]} Re2 {[%emt 0:00:40]} 58. Kf4 {[%emt 0:00:01]} Re8 {[%emt 0:00:28]} 59. Rd6 {[%emt 0:00:41]} Rc8 {[%emt 0:00:13]} 60. Ke3 {[%emt 0:00:33]} Re8+ {[%emt 0:00:09]} 61. Kf4 {[%emt 0:00:23]} Rc8 {[%emt 0:00:00]} 62. Be1 {[%emt 0:00:40]} Rc7 {[%emt 0:00:58]} 63. Bb4 {[%emt 0:00:45]} 1/2-1/2

[Event "Konyaalti Open-A 2019"]
[Site "Konyaalti"]
[Date "2019.11.21"]
[Round "6.6"]
[White "Mammadov, Zaur"]
[Black "Burcu, Cagatay"]
[Result "1-0"]
[WhiteElo "2421"]
[BlackElo "2331"]
[Annotator "ChessBase"]
[PlyCount "61"]
[EventDate "2019.11.20"]
[EventType "swiss"]
[EventCountry "TUR"]
[SourceTitle "playchess.com"]
[Source "ChessBase"]
[SourceQuality "1"]
[TimeControl "5400+30"]

1. Nf3 {[%emt 0:03:30]} d5 {[%emt 0:01:30]} 2. g3 {[%emt 0:00:30]} Nf6 {[%emt 0:00:00]} 3. Bg2 {[%emt 0:00:30]} Bf5 {[%emt 0:00:00]} 4. c4 {[%emt 0:00:00]} c6 {[%emt 0:00:30]} 5. O-O {[%emt 0:00:00]} e6 {[%emt 0:00:30]} 6. cxd5 {[%emt 0:03:30]} exd5 {[%emt 0:02:30]} 7. d3 {[%emt 0:00:30]} Bc5 {[%emt 0:03:30]} 8. d4 {[%emt 0:00:30]} Be7 {[%emt 0:01:30]} 9. Nc3 {[%emt 0:00:00]} O-O {[%emt 0:01:30]} 10. Nh4 {[%emt 0:03:00]} Bg6 {[%emt 0:05:30]} 11. f3 {[%emt 0:00:30]} Na6 {[%emt 0:06:30]} 12. Nxg6 {[%emt 0:06:30]} hxg6 {[%emt 0:00:00]} 13. e4 {[%emt 0:00:30]} dxe4 {[%emt 0:04:00]} 14. fxe4 {[%emt 0:01:30]} Nc7 {[%emt 0:01:30]} 15. Be3 {[%emt 0:02:30]} Nd7 {[%emt 0:09:30]} 16. Qb3 {[%emt 0:03:30]} c5 {[%emt 0:08:30]} 17. Rad1 {[%emt 0:06:30]} cxd4 {[%emt 0:28:30]} 18. Bxd4 {[%emt 0:04:30]} Ne6 {[%emt 0:00:30]} 19. Bf2 {[%emt 0:02:30]} Qc8 {[%emt 0:05:10]} 20. Nd5 {[%emt 0:00:30]} Bd8 {[%emt 0:00:45]} 21. Rc1 {[%emt 0:09:30]} Qb8 {[%emt 0:00:02]} 22. Bh3 {[%emt 0:00:30]} Re8 {[%emt 0:01:47]} 23. Be3 {[%emt 0:07:30]} a5 {[%emt 0:04:42]} 24. Qb5 {[%emt 0:04:30]} Nf6 {[%emt 0:04:33]} 25. e5 {[%emt 0:00:30]} Nc7 {[%emt 0:01:08]} 26. Rxc7 {[%emt 0:08:30]} Rxe5 {[%emt 0:04:31]} 27. Rc8 {[%emt 0:01:30]} Qxc8 {[%emt 0:04:16]} 28. Bxc8 {[%emt 0:00:00]} Rxc8 {[%emt 0:00:35]} 29. Qxb7 {[%emt 0:00:00]} Rc2 {[%emt 0:00:21]} 30. Nxf6+ {[%emt 0:00:30]} Bxf6 {[%emt 0:00:08]} 31. Bd4 {[%emt 0:00:30]} 1-0

[Event "Konyaalti Open-A 2019"]
[Site "Konyaalti"]
[Date "2019.11.21"]
[Round "6.7"]
[White "Guliev, Sarhan"]
[Black "Mirzoev, Azer"]
[Result "1/2-1/2"]
[WhiteElo "2311"]
[BlackElo "2472"]
[Annotator "ChessBase"]
[PlyCount "26"]
[EventDate "2019.11.20"]
[EventType "swiss"]
[EventCountry "TUR"]
[SourceTitle "playchess.com"]
[Source "ChessBase"]
[SourceQuality "1"]
[TimeControl "5400+30"]

1. d4 {[%emt 0:06:30]} d5 {[%emt 0:08:30]} 2. c4 {[%emt 0:00:30]} e6 {[%emt 0:00:00]} 3. cxd5 {[%emt 0:00:00]} exd5 {[%emt 0:00:00]} 4. Nc3 {[%emt 0:00:00]} Nf6 {[%emt 0:00:30]} 5. Bg5 {[%emt 0:00:30]} Be7 {[%emt 0:00:00]} 6. e3 {[%emt 0:00:00]} c6 {[%emt 0:00:00]} 7. Nf3 {[%emt 0:00:00]} O-O {[%emt 0:00:00]} 8. Bd3 {[%emt 0:00:30]} Nbd7 {[%emt 0:00:00]} 9. O-O {[%emt 0:00:00]} Re8 {[%emt 0:00:30]} 10. Qc2 {[%emt 0:00:00]} Nf8 {[%emt 0:00:00]} 11. Ne5 {[%emt 0:00:30]} Ng4 {[%emt 0:00:00]} 12. Bxe7 {[%emt 0:00:00]} Qxe7 {[%emt 0:00:00]} 13. Nxg4 {[%emt 0:00:00]} Bxg4 {[%emt 0:00:00]} 1/2-1/2

[Event "Konyaalti Open-A 2019"]
[Site "Konyaalti"]
[Date "2019.11.21"]
[Round "6.8"]
[White "Ozen, Deniz"]
[Black "Zarinfam, Arsalan"]
[Result "1-0"]
[WhiteElo "2422"]
[BlackElo "2171"]
[Annotator "ChessBase"]
[PlyCount "57"]
[EventDate "2019.11.20"]
[EventType "swiss"]
[EventCountry "TUR"]
[SourceTitle "playchess.com"]
[Source "ChessBase"]
[SourceQuality "1"]
[TimeControl "5400+30"]

1. e4 {[%emt 0:06:30]} c5 {[%emt 0:00:30]} 2. Nf3 {[%emt 0:00:30]} d6 {[%emt 0:00:00]} 3. Bb5+ {[%emt 0:00:30]} Bd7 {[%emt 0:00:00]} 4. Bxd7+ {[%emt 0:00:30]} Qxd7 {[%emt 0:00:00]} 5. O-O {[%emt 0:00:00]} Nf6 {[%emt 0:00:00]} 6. Qe2 {[%emt 0:00:00]} Nc6 {[%emt 0:00:30]} 7. Rd1 {[%emt 0:00:30]} g5 {[%emt 0:00:30]} 8. c3 {[%emt 0:00:30]} g4 {[%emt 0:01:30]} 9. Nh4 {[%emt 0:00:00]} Qe6 {[%emt 0:00:00]} 10. d3 {[%emt 0:00:00]} d5 {[%emt 0:00:00]} 11. Bg5 {[%emt 0:02:30]} O-O-O {[%emt 0:00:30]} 12. Nd2 {[%emt 0:04:30]} Rg8 {[%emt 0:00:30]} 13. Bf4 {[%emt 0:05:30]} Nh5 {[%emt 0:00:00]} 14. Bg3 {[%emt 0:00:30]} Nxg3 {[%emt 0:01:00]} 15. hxg3 {[%emt 0:00:30]} Qe5 {[%emt 0:01:30]} 16. Rac1 {[%emt 0:18:30]} Kb8 {[%emt 0:04:30]} 17. b4 {[%emt 0:17:30]} cxb4 {[%emt 0:22:30]} 18. d4 {[%emt 0:00:00]} Qe6 {[%emt 0:07:30]} 19. Nb3 {[%emt 0:02:00]} Bh6 {[%emt 0:32:30]} 20. Nc5 {[%emt 0:05:30]} Qc8 {[%emt 0:00:30]} 21. Rc2 {[%emt 0:07:30]} dxe4 {[%emt 0:07:11]} 22. d5 {[%emt 0:04:30]} Rg5 {[%emt 0:07:41]} 23. cxb4 {[%emt 0:03:59]} Nxb4 {[%emt 0:04:08]} 24. Na6+ {[%emt 0:00:34]} Nxa6 {[%emt 0:00:12]} 25. Rxc8+ {[%emt 0:00:04]} Rxc8 {[%emt 0:02:06]} 26. Qxe4 {[%emt 0:00:23]} Bg7 {[%emt 0:04:41]} 27. Qxe7 {[%emt 0:01:08]} h6 {[%emt 0:01:07]} 28. d6 {[%emt 0:00:52]} Bf8 {[%emt 0:02:12]} 29. Qf6 {[%emt 0:00:22]} 1-0

[Event "Konyaalti Open-A 2019"]
[Site "Konyaalti"]
[Date "2019.11.21"]
[Round "6.9"]
[White "Kiremitciyan, Ari"]
[Black "Noroozi, Omid"]
[Result "1-0"]
[WhiteElo "2264"]
[BlackElo "2345"]
[Annotator "ChessBase"]
[PlyCount "83"]
[EventDate "2019.11.20"]
[EventType "swiss"]
[EventCountry "TUR"]
[SourceTitle "playchess.com"]
[Source "ChessBase"]
[SourceQuality "1"]
[TimeControl "5400+30"]

1. Nf3 {[%emt 0:02:30]} Nf6 {[%emt 0:00:30]} 2. c4 {[%emt 0:00:30]} e6 {[%emt 0:00:00]} 3. Nc3 {[%emt 0:01:30]} d5 {[%emt 0:00:00]} 4. e3 {[%emt 0:02:30]} Be7 {[%emt 0:01:30]} 5. b3 {[%emt 0:00:30]} c5 {[%emt 0:01:30]} 6. cxd5 {[%emt 0:01:30]} exd5 {[%emt 0:00:30]} 7. Bb2 {[%emt 0:03:30]} O-O {[%emt 0:00:30]} 8. d4 {[%emt 0:02:30]} Nc6 {[%emt 0:10:30]} 9. Be2 {[%emt 0:02:30]} cxd4 {[%emt 0:10:30]} 10. Nxd4 {[%emt 0:00:30]} Qb6 {[%emt 0:00:00]} 11. Nxc6 {[%emt 0:03:30]} bxc6 {[%emt 0:00:00]} 12. O-O {[%emt 0:00:30]} Be6 {[%emt 0:09:30]} 13. Na4 {[%emt 0:02:30]} Qa5 {[%emt 0:02:30]} 14. Rc1 {[%emt 0:02:30]} Rac8 {[%emt 0:00:30]} 15. Bc3 {[%emt 0:01:30]} Qc7 {[%emt 0:10:30]} 16. Bd4 {[%emt 0:12:30]} Ba3 {[%emt 0:12:30]} 17. Rc2 {[%emt 0:08:30]} Nd7 {[%emt 0:07:30]} 18. Qd3 {[%emt 0:26:30]} Bd6 {[%emt 0:05:30]} 19. h3 {[%emt 0:03:30]} c5 {[%emt 0:01:30]} 20. Nxc5 {[%emt 0:03:40]} Nxc5 {[%emt 0:01:30]} 21. Bxc5 {[%emt 0:00:03]} Bxc5 {[%emt 0:00:30]} 22. b4 {[%emt 0:00:08]} Qb6 {[%emt 0:00:30]} 23. bxc5 {[%emt 0:00:29]} Rxc5 {[%emt 0:18:03]} 24. Rxc5 {[%emt 0:07:45]} Qxc5 {[%emt 0:00:30]} 25. Rd1 {[%emt 0:00:38]} Rb8 {[%emt 0:00:30]} 26. Bf3 {[%emt 0:00:37]} Rb5 {[%emt 0:00:30]} 27. a4 {[%emt 0:00:35]} Ra5 {[%emt 0:00:30]} 28. e4 {[%emt 0:00:36]} Bd7 {[%emt 0:00:30]} 29. exd5 {[%emt 0:00:36]} Qd6 {[%emt 0:00:30]} 30. Ra1 {[%emt 0:00:37]} g6 {[%emt 0:00:31]} 31. Qd4 {[%emt 0:03:18]} h5 {[%emt 0:00:04]} 32. h4 {[%emt 0:00:34]} Kh7 {[%emt 0:02:45]} 33. g3 {[%emt 0:04:28]} Kg8 {[%emt 0:03:00]} 34. Bg2 {[%emt 0:02:00]} Qa6 {[%emt 0:00:59]} 35. Rb1 {[%emt 0:00:53]} Qd6 {[%emt 0:00:18]} 36. Rb7 {[%emt 0:00:56]} Rxa4 {[%emt 0:00:41]} 37. Qb2 {[%emt 0:00:01]} Kh7 {[%emt 0:00:38]} 38. Rb8 {[%emt 0:00:11]} f6 {[%emt 0:00:05]} 39. Rd8 {[%emt 0:00:44]} Rc4 {[%emt 0:00:55]} 40. Bh3 {[%emt 0:00:31]} Rc7 {[%emt 0:00:15]} 41. Kh2 {[%emt 0:00:40]} Qe7 {[%emt 0:01:16]} 42. Qb8 {[%emt 0:00:02]} 1-0